000 01075cam a22003377a 4500
003 CHAP
005 20220329141117.0
008 971014s1984 r 00010 d
010 _a62723
011 _a63695
035 _a67872
040 _cCHAP
090 _aFolleto 8564
100 0 0 _aVergara Sánchez, Miguel Angel.
_9118896
245 0 _aManual de prácticas de fisiología vegetal
260 _aChapingo, Méx. :
_bUACH,
_c1984
300 _a52 p.
590 _aBATCH-UPD
_b10
_c20130110
_lUCH01
_h0151
590 _aBATCH-UPD
_b10
_c20130110
_lUCH01
_h1648
590 _aBATCH-UPD
_b10
_c20130409
_lUCH01
_h2152
590 _aBATCH-UPD
_b10
_c20130410
_lUCH01
_h1037
590 _aBATCH-UPD
_b10
_c20130914
_lUCH01
_h0735
590 _aCONVERSION
_b10
_c20130109
_lUCH01
_h1334
650 1 4 _aBotánica
_xManuales de laboratorio.
_914584
650 1 4 _aFisiología vegetal.
_941136
650 1 4 _aPlantas
_xNutrición.
_988874
700 0 _aMaldonado Torres, Ranferi.
_970137
901 _aBK
942 _cFOLL
949 _aFolleto 8564
_bBC
_cUACH
_d-154404
_eUACH
_i67872
_si
999 _c62723
_d62723